<?xml version="1.0" encoding="UTF-8"?>
<record
    xmlns:xsi="http://www.w3.org/2001/XMLSchema-instance"
    xsi:schemaLocation="http://www.loc.gov/MARC21/slim http://www.loc.gov/standards/marcxml/schema/MARC21slim.xsd"
    xmlns="http://www.loc.gov/MARC21/slim">

  <leader>01583nam0a2200313   4500</leader>
  <controlfield tag="001">RU\NLR\BIBL_A\011853493</controlfield>
  <controlfield tag="005">20250626140813.0</controlfield>
  <datafield tag="010" ind1=" " ind2=" ">
    <subfield code="a">5-7502-0062-0</subfield>
    <subfield code="9">5000</subfield>
  </datafield>
  <datafield tag="035" ind1=" " ind2=" ">
    <subfield code="a">(NLR Aleph) 011853493</subfield>
  </datafield>
  <datafield tag="090" ind1=" " ind2=" ">
    <subfield code="a">12114468</subfield>
    <subfield code="c">12114468</subfield>
  </datafield>
  <datafield tag="100" ind1=" " ind2=" ">
    <subfield code="a">20181102d1999    |||y0rusy50      ca</subfield>
  </datafield>
  <datafield tag="101" ind1="1" ind2=" ">
    <subfield code="a">rus</subfield>
    <subfield code="c">eng</subfield>
  </datafield>
  <datafield tag="102" ind1=" " ind2=" ">
    <subfield code="a">RU</subfield>
  </datafield>
  <datafield tag="105" ind1=" " ind2=" ">
    <subfield code="a">a   z   001zy</subfield>
  </datafield>
  <datafield tag="200" ind1="1" ind2=" ">
    <subfield code="a">&#x411;&#x435;&#x437;&#x43E;&#x43F;&#x430;&#x441;&#x43D;&#x43E;&#x441;&#x442;&#x44C; &#x432; &#x418;&#x43D;&#x442;&#x435;&#x440;&#x43D;&#x435;&#x442;&#x435; &#x43D;&#x430; &#x43E;&#x441;&#x43D;&#x43E;&#x432;&#x435; Windows NT</subfield>
    <subfield code="e">[&#x43F;&#x43E;&#x43B;&#x43D;&#x43E;&#x435; &#x440;&#x443;&#x43A;&#x43E;&#x432;&#x43E;&#x434;&#x441;&#x442;&#x432;&#x43E; &#x43F;&#x43E; &#x442;&#x435;&#x445;&#x43D;&#x43E;&#x43B;&#x43E;&#x433;&#x438;&#x44F;&#x43C; &#x438; &#x441;&#x440;&#x435;&#x434;&#x441;&#x442;&#x432;&#x430;&#x43C; &#x437;&#x430;&#x449;&#x438;&#x442;&#x44B; &#x438;&#x43D;&#x444;&#x43E;&#x440;&#x43C;&#x430;&#x446;&#x438;&#x438;</subfield>
    <subfield code="e">&#x43F;&#x435;&#x440;&#x435;&#x432;&#x43E;&#x434; &#x441; &#x430;&#x43D;&#x433;&#x43B;&#x438;&#x439;&#x441;&#x43A;&#x43E;&#x433;&#x43E;]</subfield>
    <subfield code="f">&#x41C;&#x430;&#x440;&#x43A; &#x414;&#x436;&#x43E;&#x437;&#x435;&#x444; &#x42D;&#x434;&#x432;&#x430;&#x440;&#x434;&#x441;</subfield>
  </datafield>
  <datafield tag="210" ind1=" " ind2=" ">
    <subfield code="a">&#x41C;&#x43E;&#x441;&#x43A;&#x432;&#x430;</subfield>
    <subfield code="c">&#x420;&#x443;&#x441;&#x441;&#x43A;&#x430;&#x44F; &#x440;&#x435;&#x434;&#x430;&#x43A;&#x446;&#x438;&#x44F;</subfield>
    <subfield code="d">1999</subfield>
  </datafield>
  <datafield tag="215" ind1=" " ind2=" ">
    <subfield code="a">XXVII, 619, [1] &#x441;.</subfield>
    <subfield code="c">&#x438;&#x43B;.</subfield>
    <subfield code="d">21</subfield>
  </datafield>
  <datafield tag="300" ind1=" " ind2=" ">
    <subfield code="a">&#x417;&#x430;&#x433;&#x43B;. &#x438; &#x430;&#x432;&#x442;. &#x43E;&#x440;&#x438;&#x433;.: Internet Security wint Windows NT / Mark Joseph Edwards</subfield>
  </datafield>
  <datafield tag="320" ind1=" " ind2=" ">
    <subfield code="a">&#x41F;&#x440;&#x435;&#x434;&#x43C;. &#x443;&#x43A;&#x430;&#x437;.: &#x441;. 589-619</subfield>
  </datafield>
  <datafield tag="454" ind1=" " ind2="0">
    <subfield code="1">2001#$aInternet Security wint Windows NT$fMark Joseph Edwards</subfield>
    <subfield code="1">700#1$aEdwards$bM. J.$gMark Joseph</subfield>
    <subfield code="t">Internet Security wint Windows NT</subfield>
    <subfield code="a">Edwards, Mark Joseph</subfield>
  </datafield>
  <datafield tag="606" ind1="1" ind2=" ">
    <subfield code="a">INTERNET, &#x433;&#x43B;&#x43E;&#x431;&#x430;&#x43B;&#x44C;&#x43D;&#x430;&#x44F; &#x438;&#x43D;&#x444;&#x43E;&#x440;&#x43C;&#x430;&#x446;&#x438;&#x43E;&#x43D;&#x43D;&#x430;&#x44F; &#x441;&#x435;&#x442;&#x44C;</subfield>
    <subfield code="x">&#x411;&#x435;&#x437;&#x43E;&#x43F;&#x430;&#x441;&#x43D;&#x43E;&#x441;&#x442;&#x44C;</subfield>
    <subfield code="9">2079503</subfield>
    <subfield code="3">RU\NLR\AUTH\661255385</subfield>
  </datafield>
  <datafield tag="606" ind1="1" ind2=" ">
    <subfield code="a">MICROSOFT WINDOWS NT, &#x43E;&#x43F;&#x435;&#x440;&#x430;&#x446;&#x438;&#x43E;&#x43D;&#x43D;&#x430;&#x44F; &#x441;&#x438;&#x441;&#x442;&#x435;&#x43C;&#x430;</subfield>
    <subfield code="x">&#x411;&#x435;&#x437;&#x43E;&#x43F;&#x430;&#x441;&#x43D;&#x43E;&#x441;&#x442;&#x44C;</subfield>
    <subfield code="9">2090373</subfield>
    <subfield code="3">RU\NLR\AUTH\661265274</subfield>
  </datafield>
  <datafield tag="686" ind1="1" ind2=" ">
    <subfield code="a">&#x417;988.02-082.03</subfield>
  </datafield>
  <datafield tag="686" ind1="1" ind2=" ">
    <subfield code="a">&#x417;988.02-018.2-07</subfield>
  </datafield>
  <datafield tag="700" ind1=" " ind2="1">
    <subfield code="a">&#x42D;&#x434;&#x432;&#x430;&#x440;&#x434;&#x441;</subfield>
    <subfield code="b">&#x41C;. &#x414;&#x436;.</subfield>
    <subfield code="g">&#x41C;&#x430;&#x440;&#x43A; &#x414;&#x436;&#x43E;&#x437;&#x435;&#x444;</subfield>
  </datafield>
  <datafield tag="942" ind1=" " ind2=" ">
    <subfield code="c">BOOK</subfield>
  </datafield>
  <datafield tag="980" ind1=" " ind2=" ">
    <subfield code="a">NB</subfield>
  </datafield>
  <datafield tag="995" ind1=" " ind2=" ">
    <subfield code="5">2018-11-02</subfield>
    <subfield code="a">az</subfield>
    <subfield code="b">NLR01</subfield>
    <subfield code="c">NLR01</subfield>
    <subfield code="e">RF31</subfield>
    <subfield code="f">1-2473475</subfield>
    <subfield code="k">2018-3/29154</subfield>
    <subfield code="o">0</subfield>
    <subfield code="p">150.00</subfield>
    <subfield code="r">BOOK</subfield>
    <subfield code="s">2018329154_</subfield>
  </datafield>
</record>
